00545nam a2200157 a 450000100100000000500170001000800410002704000250006808200150009324500600010826000520016830000270022004900090024795201140025699900170037000003214220200930063451.0110713nuuuuuuuudr a 000 | spa d aDO-SdBNPbspacBNPHU axxxbP293j03aLa pastoral juvenil y la doctrina social de la iglesia. aSanto Domingo :bCasa de la Juventud,c[19--?]. a50 p. :bil. ;c21 cm. aBNPD 00107-18PDaPDbPDcOId2011-07-13iLF1l0oxxx P293jp32142-10r2020-06-25w2020-06-25yLFPDZNo se presta c31633d31633